| 000 | nam a22 7a 4500 | ||
|---|---|---|---|
| 999 |
_c17764 _d17764 |
||
| 008 | 161129b xxu||||| |||| 00| 0 eng d | ||
| 020 | _a1256129038 | ||
| 020 | _a9781256129035 | ||
| 050 |
_aQA37.2 _b.B58 2007 |
||
| 100 | _aBittinger,Marvin L. | ||
| 245 |
_aStepping it up: _bfoundations for success in math with fundamentals mathematics/ _cMarvin L.Bittinger |
||
| 250 | _a4th ed. | ||
| 260 |
_aBoston : _bPearson Education Company, _cc2007 |
||
| 300 |
_aiii, 442p. : _bill. ; |
||
| 500 | _aIncludes appendix and index. | ||
| 650 | _aMathematics | ||
| 942 |
_2lcc _cBOOKS _hQA37.2 .B58 2007 |
||